000 00558nam a2200181 a 4500
001 000002597
005 20250725140219.0
008 771216r1980 ag 000 0 spa
040 _aDO-SdBNP
_bspa
_cBNPHU
082 _a521
_bA832L
100 1 _aAsimov, Isaac,
_d1920-
_98182
240 1 0 _aQuasar, Quasar, Burning Bright. /
245 1 0 _aLuces en el Cielo /
_cIsaac Asimov ; traductor, Arturo Casals.
260 _aBuenos Aires :
_bSudamericana,
_c1980.
300 _a284 p. ;
_c20 cm.
650 0 _a CosmologĂ­a
_91848
700 1 _aCasals, Arturo ;
_etr.
_98183
999 _c2433
_d2433